| 000 | 01049cam a2200313 a 4500 | ||
|---|---|---|---|
| 001 | 2599597 | ||
| 005 | 20150212142034.0 | ||
| 008 | 970819t1998 xxua frb 001 0 eng | ||
| 020 | _a0070531331 (alk. paper) | ||
| 020 | _a9780070531338 | ||
| 040 |
_aDLC _cDLC _dDLC _dEG-ScBUE |
||
| 043 | _an-us--- | ||
| 082 | 0 | 0 |
_a658.4012 _222 _bROB |
| 100 | 1 |
_aRobert, Michel, _d1941- _937396 |
|
| 245 | 1 | 0 |
_aStrategy pure and simple II : _bhow winning companies dominate their competitors / _cMichel Robert. |
| 246 | 3 | _aStrategy pure and simple two | |
| 246 | 3 | _aStrategy pure and simple 2 | |
| 246 | 1 | 8 | _aStrategy pure & simple II |
| 250 | _aRev. ed. | ||
| 260 |
_aNew York, United States : _bMcGraw Hill, _cc.1998. |
||
| 300 |
_axv, 269 p. : _bill. ; _c24 cm. |
||
| 500 | _aIndex : p. 261-269. | ||
| 504 | _aBibliography : p. 256-260. | ||
| 650 | 0 |
_aStrategic planning _zUnited States _937397 |
|
| 650 | 0 |
_aSuccess in business _936663 _zUnited States |
|
| 653 |
_bBUSADM _cFebruary2015 |
||
| 655 |
_vreading book _934232 |
||
| 942 |
_2ddc _k658.4012 ROB |
||
| 999 |
_c18971 _d18943 |
||